[Event "London Classic Superrapid"]
[Site "London ENG"]
[Date "2016.12.17"]
[Round "1.1"]
[White "Melkumyan, Hrant"]
[Black "Golding, Alex"]
[Result "1/2-1/2"]
[WhiteTitle "GM"]
[WhiteElo "2633"]
[BlackElo "2155"]
[WhiteFideId "13302485"]
[BlackFideId "427241"]
[EventDate "2016.12.17"]

1. e4 e5 2. Nf3 Nc6 3. d4 exd4 4. Nxd4 Bc5 5. Nb3 Bb6 6. Nc3 Nge7 7. Qe2 O-O 8.
Be3 d6 9. O-O-O f5 10. Kb1 fxe4 11. Nxe4 Bxe3 12. Qxe3 Ne5 13. f4 Ng4 14. Qd2
Nf6 15. Ng5 h6 16. Nf3 Bg4 17. Nbd4 c5 18. h3 Bd7 19. Nb3 Ne4 20. Qe3 Bc6 21.
Ne5 Nf5 22. Bc4+ Kh7 23. Qe1 Qe7 24. Nxc6 bxc6 25. g4 Nd4 26. Nxd4 cxd4 27. f5
Qe5 28. Bd3 d5 29. Rf1 Rae8 30. Qa5 c5 31. a3 Rb8 32. Ka1 Qe7 33. h4 Qb7 34. Rb1
Qb6 35. Qxb6 axb6 36. Rbe1 Rbe8 37. Rf4 Nf6 38. Rd1 Kg8 39. g5 hxg5 40. hxg5 Ne4
41. g6 Re5 42. Re1 Rfxf5 43. Rxf5 Rxf5 44. Bxe4 dxe4 45. Rxe4 Kf8 46. b4 Rf6 47.
Rg4 Rf2 48. Kb1 Ke7 49. a4 Kd6 50. Rg5 Kc6 51. Re5 Rf6 52. Rg5 cxb4 53. Kb2 Rf3
54. Re5 Rg3 55. Rb5 Rxg6 56. Rxb4 Rd6 57. Rb3 g5 58. Rg3 Rg6 59. Rg4 Kd5 60. Kc1
Ke5 61. Kd2 Kd5 62. Kd3 Ke5 63. Re4+ Kf5 64. Rxd4 g4 65. Ke2 g3 66. Kf1 Ke5 67.
Rb4 g2+ 68. Kg1 Kd5 69. Rb5+ Kc4 70. Rb3 Kc5 71. Rb5+ Kc6 72. Rb4 Rg5 73. Rf4
Kc5 74. Re4 Rg6 75. Rf4 Rg5 76. Re4 Rg6 77. Rf4 Rg5 1/2-1/2

[Event "London Classic Superrapid"]
[Site "London ENG"]
[Date "2016.12.17"]
[Round "1.2"]
[White "Keen, Cosima"]
[Black "McShane, Luke J"]
[Result "0-1"]
[BlackTitle "GM"]
[WhiteElo "1844"]
[BlackElo "2652"]
[WhiteFideId "423050"]
[BlackFideId "404853"]
[EventDate "2016.12.17"]

1. d4 Nf6 2. Nf3 g6 3. Bf4 Bg7 4. e3 O-O 5. Be2 d6 6. h3 Nc6 7. Bh2 e5 8. O-O
Qe7 9. Re1 Ne4 10. d5 Nb8 11. Bd3 Nc5 12. e4 f5 13. Nc3 f4 14. b4 Ncd7 15. Na4
g5 16. Nd2 Nf6 17. c4 g4 18. h4 Nh5 19. g3 Bf6 20. Be2 Bxh4 21. Bxg4 fxg3 22.
fxg3 Bxg3 23. Bxg3 Qg5 24. Qb3 Bxg4 25. Nf1 Rf3 26. Re3 Nxg3 27. Rxf3 Ne2+ 28.
Kf2 Nd4 29. Qe3 Nxf3 30. Qxg5+ Nxg5 31. Nh2 Nxe4+ 32. Ke3 Nf6 33. Rg1 h5 0-1

[Event "London Classic Superrapid"]
[Site "London ENG"]
[Date "2016.12.17"]
[Round "1.3"]
[White "Bacrot, Etienne"]
[Black "Varney, Zoe"]
[Result "1-0"]
[WhiteTitle "GM"]
[WhiteElo "2689"]
[BlackElo "2000"]
[WhiteFideId "605506"]
[BlackFideId "436135"]
[EventDate "2016.12.17"]

1. e4 e5 2. Nf3 Nc6 3. Nc3 Nf6 4. Bb5 d6 5. d4 exd4 6. Nxd4 Bd7 7. Bxc6 bxc6 8.
O-O Be7 9. Qf3 c5 10. Nf5 Bxf5 11. Qxf5 O-O 12. b3 c6 13. Bb2 Qd7 14. Qxd7 Nxd7
15. Rad1 Rad8 16. Rd2 c4 17. Ne2 Nb6 18. Rfd1 d5 19. exd5 cxd5 20. Bd4 Rfe8 21.
Kf1 cxb3 22. axb3 Rc8 23. Ra1 Rc7 24. g3 Bd6 25. Bxb6 axb6 26. Rxd5 Rxc2 27. Nd4
Rd2 28. Rxd6 h6 29. Kg2 Re4 30. Nf5 Rb2 31. Rxb6 g6 32. Rb8+ Kh7 33. Nd6 Ree2
34. Rf1 Kg7 35. Rb7 Red2 36. Nxf7 Kf6 37. Nxh6 Kg5 38. Nf7+ Kf6 39. h4 Rdc2 40.
Ng5 Ke5 41. b4 Kd5 42. Nh3 g5 43. hxg5 Kc6 44. Rb8 Kc7 45. Rb5 Kd6 46. g6 Ke6
47. g7 Kf7 48. Rb7+ Kf6 49. g8=Q 1-0

[Event "London Classic Superrapid"]
[Site "London ENG"]
[Date "2016.12.17"]
[Round "1.4"]
[White "See, Tristian"]
[Black "Fressinet, Laurent"]
[Result "0-1"]
[BlackTitle "GM"]
[WhiteElo "1552"]
[BlackElo "2672"]
[WhiteFideId "436429"]
[BlackFideId "608742"]
[EventDate "2016.12.17"]

1. e4 g6 2. d4 d6 3. Nc3 Bg7 4. Be3 a6 5. a4 Nf6 6. h3 O-O 7. Nf3 b6 8. Bc4 e6
9. e5 dxe5 10. dxe5 Qxd1+ 11. Rxd1 Nfd7 12. Bf4 Nc6 13. O-O Ndxe5 14. Be2 Bb7
15. Nxe5 Bxe5 16. Bxe5 Nxe5 17. f4 Nc6 18. Rd7 Rac8 19. Rfd1 Nb4 20. R1d2 Bc6
21. R7d4 a5 22. Bb5 Bd5 23. Nxd5 Nxd5 24. g3 c5 25. R4d3 c4 26. Rf3 Rc5 27. b3
cxb3 28. c4 Nc7 29. Rxb3 Nxb5 30. cxb5 Rc4 31. Ra3 Rfc8 32. Rd6 Rc2 33. Rxb6 Rd8
34. Ra1 Rd3 35. Rc6 Rxg3+ 36. Kf1 Rxc6 37. bxc6 Rc3 38. Rb1 Rxc6 39. Rb5 Rc4 40.
Rxa5 Rxf4+ 41. Kg2 Kg7 42. Ra8 e5 43. a5 Ra4 44. a6 f5 45. a7 Kh6 46. h4 Kh5 47.
Kg3 Ra3+ 48. Kg2 Kxh4 49. Re8 Rxa7 50. Rxe5 Kg4 51. Re2 f4 52. Kf2 g5 53. Rb2 h5
54. Kg2 h4 55. Rf2 h3+ 56. Kh2 Kh4 57. Rf1 Ra2+ 58. Kh1 Kg4 59. Rg1+ Kf5 60. Rf1
g4 61. Rb1 g3 62. Rb5+ Ke4 63. Rb4+ Kd3 64. Rb1 Rd2 65. Rf1 g2+ 66. Kh2 gxf1=Q# 0-1

[Event "London Classic Superrapid"]
[Site "London ENG"]
[Date "2016.12.17"]
[Round "1.5"]
[White "Howell, David W L"]
[Black "Verma, Aditya"]
[Result "1-0"]
[WhiteTitle "GM"]
[WhiteElo "2644"]
[BlackElo "2054"]
[WhiteFideId "410608"]
[BlackFideId "426202"]
[EventDate "2016.12.17"]

1. d4 d5 2. c4 c6 3. Nf3 Nf6 4. Qc2 e6 5. g3 Nbd7 6. Bg2 Be7 7. O-O O-O 8. Nbd2
h6 9. e4 dxe4 10. Nxe4 Nxe4 11. Qxe4 Bf6 12. Bf4 Re8 13. Rad1 Qe7 14. Rfe1 Nb6
15. Ne5 Bxe5 16. dxe5 Rb8 17. Rd6 c5 18. Be3 Qc7 19. Red1 Bd7 20. Qg4 Kf8 21. b3
Rbd8 22. Qe4 Bc6 23. Qh7 Bxg2 24. Rxd8 Rxd8 25. Bxc5+ 1-0

[Event "London Classic Superrapid"]
[Site "London ENG"]
[Date "2016.12.17"]
[Round "1.6"]
[White "Balaji, Aaravamudhan"]
[Black "Iturrizaga Bonelli, Eduardo"]
[Result "0-1"]
[BlackTitle "GM"]
[WhiteElo "1634"]
[BlackElo "2652"]
[WhiteFideId "436224"]
[BlackFideId "3901211"]
[EventDate "2016.12.17"]

1. e4 c5 2. Nf3 g6 3. d4 cxd4 4. Nxd4 Nc6 5. Be3 Bg7 6. Nc3 Nf6 7. Bc4 O-O 8. f3
Qb6 9. Qd2 Nxe4 10. Nxe4 Bxd4 11. Bxd4 Qxd4 12. Qxd4 Nxd4 13. O-O-O Nc6 14. h4
h6 15. h5 g5 16. f4 gxf4 17. Rh4 Ne5 18. Bb3 d6 19. Rxf4 Bg4 20. Rh1 Kg7 21. Nf2
Bd7 22. Nd3 Nxd3+ 23. cxd3 Rac8+ 24. Kd2 Rc5 25. Rhf1 e6 26. g4 Rg5 27. Ke3 f5
28. gxf5 Rfxf5 29. Rxf5 exf5 30. Rc1 Bc6 31. d4 Rg3+ 32. Kd2 Rg2+ 33. Kc3 Be4
34. d5 Kf6 35. Kb4 Rxb2 36. Rc7 Bxd5 37. Ka3 Rd2 38. Bxd5 Rxd5 39. Rxb7 a5 40.
Kb3 f4 41. Kc4 Rf5 42. Rh7 Kg5 43. Rd7 f3 44. Rg7+ Kxh5 45. Rg1 f2 46. Rf1 Kg4
47. Kd4 Kf3 48. Kd3 Kg2 49. Rb1 f1=Q+ 0-1

[Event "London Classic Superrapid"]
[Site "London ENG"]
[Date "2016.12.17"]
[Round "1.7"]
[White "Istratescu, Andrei"]
[Black "Tombolis, Christopher"]
[Result "1-0"]
[WhiteTitle "GM"]
[WhiteElo "2596"]
[BlackElo "1607"]
[WhiteFideId "1200372"]
[BlackFideId "433691"]
[EventDate "2016.12.17"]

1. d4 d5 2. c4 e6 3. Nc3 Nf6 4. Bg5 Be7 5. e3 O-O 6. Nf3 c6 7. Qc2 Nbd7 8. cxd5
cxd5 9. h3 h6 10. Bf4 a6 11. Bd3 Qb6 12. O-O Nh5 13. Bh2 Bd6 14. Ne5 Nhf6 15.
Rac1 Qd8 16. Kh1 Qe7 17. g4 b5 18. Nc6 Qe8 19. Bxd6 Bb7 20. Na5 1-0

[Event "London Classic Superrapid"]
[Site "London ENG"]
[Date "2016.12.17"]
[Round "1.8"]
[White "Yoon, Jacob D"]
[Black "Smirin, Ilia"]
[Result "0-1"]
[BlackTitle "GM"]
[WhiteElo "1871"]
[BlackElo "2669"]
[WhiteFideId "446076"]
[BlackFideId "2801990"]
[EventDate "2016.12.17"]

1. e4 c5 2. Nf3 e6 3. d4 cxd4 4. Nxd4 a6 5. Bd3 Bc5 6. Nb3 Be7 7. O-O d6 8. Nc3
Nf6 9. Bf4 Nc6 10. Re1 O-O 11. h3 b5 12. a3 Bb7 13. Bf1 Rc8 14. g3 Ne5 15. Bxe5
dxe5 16. Bg2 Qb6 17. Qe2 Rc7 18. Na2 h5 19. Rad1 h4 20. Kh2 Rc4 21. Nc3 Bxa3 22.
Nd2 Rcc8 23. Nxb5 Bc5 24. Nc3 Bxf2 25. Rf1 hxg3+ 26. Kh1 Qxb2 27. Rb1 Qxc3 28.
Rxb7 Qxc2 29. Rd1 Rfd8 30. Bf3 Rd4 31. Rbb1 Rcd8 32. Nb3 Rxd1+ 33. Rxd1 Rxd1+
34. Qxd1 Qxd1+ 35. Bxd1 Nxe4 36. Be2 Nc3 37. Bxa6 e4 38. Nc1 f5 39. Kg2 f4 40.
Bb7 f3+ 41. Kf1 Be3 0-1

[Event "London Classic Superrapid"]
[Site "London ENG"]
[Date "2016.12.17"]
[Round "1.9"]
[White "Safarli, Eltaj"]
[Black "Saidmurodov, Shahjahon"]
[Result "1-0"]
[WhiteTitle "GM"]
[WhiteElo "2691"]
[BlackElo "1374"]
[WhiteFideId "13402129"]
[BlackFideId "448150"]
[EventDate "2016.12.17"]

1. e4 b6 2. d4 Bb7 3. Nc3 e6 4. a3 Nf6 5. e5 Ne4 6. Nf3 Be7 7. Bd3 Nxc3 8. bxc3
d6 9. exd6 cxd6 10. h4 Nd7 11. Bd2 Rc8 12. Qe2 h6 13. a4 Bxf3 14. Qxf3 Bxh4 15.
Bf4 Be7 16. Qg3 Bf6 17. Bxd6 Rxc3 18. O-O Bxd4 19. Rad1 Qf6 20. Bb4 Rc8 21. Bb5
Rd8 22. Qd6 Be5 23. Bxd7+ Rxd7 24. Qxd7# 1-0

[Event "London Classic Superrapid"]
[Site "London ENG"]
[Date "2016.12.17"]
[Round "1.12"]
[White "Thatte, Nishchal"]
[Black "Lenderman, Aleksandr"]
[Result "0-1"]
[BlackTitle "GM"]
[WhiteElo "1495"]
[BlackElo "2581"]
[WhiteFideId "447234"]
[BlackFideId "2021285"]
[EventDate "2016.12.17"]

1. c4 e5 2. g3 Nc6 3. Bg2 g6 4. e3 Bg7 5. Ne2 Nf6 6. O-O d5 7. cxd5 Nxd5 8. e4
Ndb4 9. Nbc3 Be6 10. f4 exf4 11. Nxf4 Bc4 12. Rf3 Nd4 13. Qa4+ b5 14. Qxb4 c5
15. Qa3 O-O 16. Ncd5 Nc2 17. Qa6 Nxa1 18. d3 Bxd5 19. Nxd5 Nc2 20. h4 Nb4 21.
Nxb4 Qd4+ 22. Be3 Qxb4 23. b3 Bd4 24. Bf2 Rad8 25. Kh2 Bxf2 26. Rxf2 Rxd3 27.
Bf1 Rd2 28. Qf6 Rxf2+ 29. Qxf2 Rd8 30. Qf6 Rd2+ 31. Kh3 Qxe4 32. a3 h5 33. Qd8+
Rxd8 34. Bg2 Qg4+ 35. Kh2 Rd2 36. Kh1 Qxg3 37. Bf1 Qh2# 0-1

[Event "London Classic Superrapid"]
[Site "London ENG"]
[Date "2016.12.17"]
[Round "1.15"]
[White "Bok, Benjamin"]
[Black "Press, Harry"]
[Result "1/2-1/2"]
[WhiteTitle "GM"]
[WhiteElo "2598"]
[BlackElo "1826"]
[WhiteFideId "1017063"]
[BlackFideId "3215539"]
[EventDate "2016.12.17"]

1. d4 Nf6 2. c4 c5 3. d5 b5 4. cxb5 a6 5. bxa6 g6 6. Nc3 Bxa6 7. e4 Bxf1 8. Kxf1
d6 9. Nf3 Nbd7 10. g3 Bg7 11. Kg2 O-O 12. Qc2 Qa5 13. Bd2 Rfb8 14. Rhb1 Nb6 15.
b3 Nfd7 16. Nd1 Qb5 17. Bc3 Bxc3 18. Nxc3 Qb4 19. Nd2 Ne5 20. a4 Qd4 21. Nb5 Qd3
22. Rc1 Qxc2 23. Rxc2 Nxd5 24. exd5 Rxb5 25. axb5 Rxa1 26. b4 Nd3 27. b6 Ra8 28.
bxc5 Nxc5 29. Rb2 Kf8 30. Nb3 Na4 31. b7 Rb8 32. Ra2 Rxb7 33. Rxa4 Rxb3 34. Rd4
Kg7 35. Re4 Kf6 36. Rf4+ Kg7 37. Re4 Kf6 38. Rf4+ Kg7 1/2-1/2

[Event "London Classic Superrapid"]
[Site "London ENG"]
[Date "2016.12.17"]
[Round "1.18"]
[White "Finnegan, Oliver"]
[Black "Nunn, John D M"]
[Result "0-1"]
[BlackTitle "GM"]
[WhiteElo "1711"]
[BlackElo "2600"]
[WhiteFideId "442259"]
[BlackFideId "400017"]
[EventDate "2016.12.17"]

1. d4 Nf6 2. c4 g6 3. Nc3 Bg7 4. e4 d6 5. Nf3 O-O 6. Be2 Nbd7 7. Qc2 e5 8. d5 a5
9. Be3 Ng4 10. Bg5 f6 11. Bd2 f5 12. Ng5 Nc5 13. f3 f4 14. fxg4 Qxg5 15. h4 Qe7
16. Na4 Nxa4 17. Qxa4 Bd7 18. Qc2 c6 19. Bf3 cxd5 20. cxd5 Rfc8 21. Qd3 Rc5 22.
g5 Rac8 23. Bd1 Rc4 24. Bc3 a4 25. a3 h6 26. gxh6 Bf6 27. Bf3 Bxh4+ 28. Kd2 Bb5
29. Qb1 Kh7 30. Bg4 Qg5 31. Qd1 f3+ 0-1

[Event "London Classic Superrapid"]
[Site "London ENG"]
[Date "2016.12.17"]
[Round "1.19"]
[White "Moussard, Jules"]
[Black "Siddharth, Gopakumar"]
[Result "1-0"]
[WhiteTitle "GM"]
[WhiteElo "2571"]
[BlackElo "1822"]
[WhiteFideId "642908"]
[BlackFideId "5053463"]
[EventDate "2016.12.17"]

1. Nf3 d5 2. g3 Nf6 3. Bg2 g6 4. O-O Bg7 5. d4 O-O 6. b3 c6 7. Bb2 Nbd7 8. c4 b6
9. Nc3 Bb7 10. Qc2 Re8 11. Rad1 Rc8 12. e4 dxe4 13. Nxe4 Qc7 14. Nc3 e6 15. Bc1
Nh5 16. Rfe1 Rcd8 17. Bg5 f6 18. Be3 e5 19. d5 Nc5 20. b4 Na6 21. Qb3 Bf8 22. a3
Kh8 23. dxc6 Bc8 24. Nd2 Qf7 25. Nd5 Nc7 26. Ne4 h6 27. Nec3 Be6 28. Qa4 f5 29.
Qxa7 Nxd5 30. Qxf7 Bxf7 31. Nxd5 Rc8 32. Nxb6 Rxc6 33. Bxc6 1-0

[Event "London Classic Superrapid"]
[Site "London ENG"]
[Date "2016.12.17"]
[Round "1.20"]
[White "Forster, Matthew"]
[Black "Hovhannisyan, Robert"]
[Result "0-1"]
[BlackTitle "GM"]
[WhiteElo "1813"]
[BlackElo "2630"]
[WhiteFideId "437123"]
[BlackFideId "13302507"]
[EventDate "2016.12.17"]

1. c4 e5 2. g3 f5 3. Bg2 Nf6 4. Nc3 Bb4 5. Nd5 Nxd5 6. cxd5 O-O 7. Qb3 a5 8. a3
Bd6 9. d3 Na6 10. Be3 b6 11. Nf3 Kh8 12. Qc3 Qe8 13. d4 e4 14. Ne5 Bb7 15. Nc4
Bxd5 16. Nxd6 cxd6 17. Bf4 Rc8 18. Qd2 e3 19. Qd3 Bxg2 20. Rg1 Bb7 21. Bxd6 Rf6
22. Be5 exf2+ 23. Kxf2 Nc5 24. Qb5 Ba6 25. Qxb6 Rxb6 0-1

[Event "London Classic Superrapid"]
[Site "London ENG"]
[Date "2016.12.17"]
[Round "1.21"]
[White "Shabalov, Alexander"]
[Black "Rubeck, Jonathan"]
[Result "1-0"]
[WhiteTitle "GM"]
[WhiteElo "2563"]
[BlackElo "1774"]
[WhiteFideId "2008572"]
[BlackFideId "435678"]
[EventDate "2016.12.17"]

1. e4 e6 2. d4 d5 3. e5 c5 4. c3 Nc6 5. Nf3 Bd7 6. Be2 f6 7. O-O fxe5 8. dxe5
Nge7 9. c4 d4 10. Bd3 Qc7 11. Re1 O-O-O 12. a3 h6 13. b4 cxb4 14. axb4 Be8 15.
b5 Bh5 16. bxc6 Nxc6 17. Nbd2 Bb4 18. Be4 Rhf8 19. Ba3 Bxf3 20. Bxf3 Rxf3 21.
Bxb4 Rxf2 22. Kxf2 Nxb4 23. Ne4 Qxe5 24. Rxa7 Kb8 25. Ra4 Qxh2 26. Qf3 Qh4+ 27.
Kf1 Qh1+ 28. Ke2 d3+ 29. Kd2 Qh2 30. Rxb4 Qe5 31. Rxb7+ Kc8 32. Rb5 Qd4 33. Nd6+
Qxd6 34. Qb7# 1-0

[Event "London Classic Superrapid"]
[Site "London ENG"]
[Date "2016.12.17"]
[Round "1.22"]
[White "Bin-Suhayl, Ieysaa"]
[Black "Svane, Rasmus"]
[Result "0-1"]
[BlackTitle "GM"]
[WhiteElo "1988"]
[BlackElo "2555"]
[WhiteFideId "429031"]
[BlackFideId "4657101"]
[EventDate "2016.12.17"]

1. Nf3 d5 2. c4 e6 3. g3 dxc4 4. Qa4+ Bd7 5. Qxc4 c5 6. Bg2 Bc6 7. O-O Nf6 8.
Rd1 Nbd7 9. Qc2 Rc8 10. Nc3 b5 11. b3 Be7 12. Bb2 b4 13. Nb1 O-O 14. d3 Nd5 15.
e4 N5b6 16. a4 a5 17. Nbd2 Qc7 18. Nf1 Qb7 19. Ne3 Rfd8 20. Nd2 Qc7 21. Ndc4
Nxc4 22. Nxc4 Bf6 23. d4 cxd4 24. Bxd4 Bxd4 25. Rxd4 Ne5 26. Rad1 Rxd4 27. Rxd4
Be8 28. Qd2 Nc6 29. Rd6 e5 30. Bf1 Nd4 31. Rd5 Nf3+ 0-1

[Event "London Classic Superrapid"]
[Site "London ENG"]
[Date "2016.12.17"]
[Round "1.24"]
[White "Chrisidis, Pavlos"]
[Black "Gallagher, Joseph G."]
[Result "0-1"]
[BlackTitle "GM"]
[WhiteElo "1832"]
[BlackElo "2433"]
[WhiteFideId "4212126"]
[BlackFideId "1303422"]
[EventDate "2016.12.17"]

1. Nf3 Nf6 2. g3 g6 3. Bg2 Bg7 4. O-O O-O 5. d4 d6 6. c4 Nbd7 7. Nc3 e5 8. dxe5
dxe5 9. e4 c6 10. Qc2 Qe7 11. h3 Ne8 12. Nh4 Nc7 13. Be3 Ne6 14. Ne2 a5 15. Kh1
Ndc5 16. Rad1 Kh8 17. f4 exf4 18. Nxf4 Nxf4 19. Bxf4 Be5 20. Nf3 Bxf4 21. gxf4
Nxe4 22. Rfe1 Bf5 23. Qc1 Nf2+ 24. Kh2 Qf6 25. Rd7 Bxd7 0-1

[Event "London Classic Superrapid"]
[Site "London ENG"]
[Date "2016.12.17"]
[Round "2.1"]
[White "McShane, Luke J"]
[Black "Bhatia, Kanwal K"]
[Result "1-0"]
[WhiteTitle "GM"]
[BlackTitle "WFM"]
[WhiteElo "2652"]
[BlackElo "2096"]
[WhiteFideId "404853"]
[BlackFideId "407496"]
[EventDate "2016.12.17"]

1. e4 e5 2. Nf3 Nc6 3. Bb5 a6 4. Ba4 Nf6 5. O-O Be7 6. d3 b5 7. Bb3 d6 8. c3 O-O
9. Re1 Na5 10. Bc2 c5 11. Nbd2 Nc6 12. Nf1 Qc7 13. Bg5 Be6 14. Ne3 Rad8 15. Bb3
Na5 16. Bxe6 fxe6 17. a4 Rf7 18. axb5 axb5 19. Qc2 Nh5 20. Bxe7 Rxe7 21. g3 Nf6
22. Ra2 Nc6 23. Qb3 Qb7 24. Rea1 d5 25. Ng5 c4 26. dxc4 dxc4 27. Qc2 h6 28. Nf3
b4 29. Qe2 Nxe4 30. Nxc4 Nc5 31. Ncxe5 bxc3 32. bxc3 Nxe5 33. Nxe5 Qc7 34. Qe3
Qb6 35. Ra8 Ree8 36. R8a7 Rd1+ 37. Rxd1 Qxa7 38. h4 Qc7 39. h5 Rf8 40. Ng6 Re8
41. Qd4 e5 42. Qc4+ Kh7 43. Rd5 Ne6 44. Qxc7 Nxc7 45. Rxe5 Rd8 46. c4 Kg8 47.
Kg2 Rd7 48. Re7 Rxe7 49. Nxe7+ Kf7 50. Nd5 Ne6 51. Kf3 Nc5 52. Ke3 Ke6 53. Nf4+
Kd6 54. Nd3 Ne6 55. Ke4 Ke7 56. Kd5 1-0

[Event "London Classic Superrapid"]
[Site "London ENG"]
[Date "2016.12.17"]
[Round "2.2"]
[White "Talbot, Mark A"]
[Black "Bacrot, Etienne"]
[Result "0-1"]
[BlackTitle "GM"]
[WhiteElo "2029"]
[BlackElo "2689"]
[WhiteFideId "416401"]
[BlackFideId "605506"]
[EventDate "2016.12.17"]

1. c4 e5 2. g3 Nf6 3. Bg2 d5 4. cxd5 Nxd5 5. Nc3 Nb6 6. Nf3 Nc6 7. O-O Be7 8. d3
O-O 9. a3 a5 10. Be3 Re8 11. Rc1 Bf8 12. Na4 e4 13. Ne1 Nd5 14. Bc5 e3 15. Bxf8
Rxf8 16. Nc2 exf2+ 17. Rxf2 Nf6 18. Bxc6 bxc6 19. e4 Rb8 20. e5 Ng4 21. Re2 Qg5
22. Nd4 Rd8 23. Nxc6 Rxd3 24. Qxd3 Qxc1+ 25. Kg2 Qxc6+ 0-1

[Event "London Classic Superrapid"]
[Site "London ENG"]
[Date "2016.12.17"]
[Round "2.3"]
[White "Fressinet, Laurent"]
[Black "Malhotra, Tarun"]
[Result "1-0"]
[WhiteTitle "GM"]
[WhiteElo "2672"]
[BlackElo "2053"]
[WhiteFideId "608742"]
[BlackFideId "5020549"]
[EventDate "2016.12.17"]

1. Nf3 d5 2. g3 Nf6 3. Bg2 c6 4. O-O Bf5 5. c4 e6 6. cxd5 cxd5 7. Qb3 Qb6 8.
Qxb6 axb6 9. d3 Nc6 10. Nc3 Bc5 11. Bd2 O-O 12. Nb5 Rfc8 13. Rfc1 h6 14. a3 Bg4
15. b4 Bxf3 16. Bxf3 Bf8 17. Bf4 g5 18. Be3 Nd7 19. Rab1 Kg7 20. Bg2 Kf6 21. f4
g4 22. Bf2 Ne7 23. e4 dxe4 24. dxe4 Rxc1+ 25. Rxc1 e5 26. Rd1 Nb8 27. Nc7 1-0

[Event "London Classic Superrapid"]
[Site "London ENG"]
[Date "2016.12.17"]
[Round "2.4"]
[White "Dong, Bao Nghia"]
[Black "Howell, David W L"]
[Result "0-1"]
[BlackTitle "GM"]
[WhiteElo "2084"]
[BlackElo "2644"]
[WhiteFideId "12400343"]
[BlackFideId "410608"]
[EventDate "2016.12.17"]

1. d4 Nf6 2. Nf3 g6 3. Bf4 Bg7 4. h3 c5 5. c3 b6 6. e3 O-O 7. Nbd2 Bb7 8. Bc4 d6
9. O-O Nbd7 10. a4 a6 11. Qb3 Rc8 12. Rfc1 Rc7 13. Qa2 Qa8 14. Bh2 h6 15. Rab1
Ne4 16. Bf1 Kh7 17. b4 f5 18. bxc5 bxc5 19. Qa3 Rfc8 20. a5 cxd4 21. cxd4 Nc3
22. Ra1 Bd5 23. Ne1 e5 24. dxe5 dxe5 25. Bc4 Rxc4 26. Nxc4 Ne2+ 27. Kf1 Nxc1 28.
Nb6 Nxb6 29. axb6 Qc6 30. Kg1 Ne2+ 31. Kh1 Qxb6 32. Qd3 Qb5 33. Qd2 Nc3 34. Nd3
Ne4 0-1

[Event "London Classic Superrapid"]
[Site "London ENG"]
[Date "2016.12.17"]
[Round "2.5"]
[White "Iturrizaga Bonelli, Eduardo"]
[Black "Asenov, Pavel"]
[Result "1-0"]
[WhiteTitle "GM"]
[WhiteElo "2652"]
[BlackElo "2257"]
[WhiteFideId "3901211"]
[BlackFideId "433705"]
[EventDate "2016.12.17"]

1. Nf3 d5 2. c4 c6 3. e3 Nf6 4. Nc3 a6 5. Qc2 g6 6. d4 Bg7 7. Be2 O-O 8. O-O Bf5
9. Qb3 Ra7 10. Bd2 dxc4 11. Bxc4 b5 12. Be2 c5 13. dxc5 Nbd7 14. Qa3 Qc7 15. b4
Ne4 16. Rfd1 Ndf6 17. Be1 Rb8 18. Rac1 Nxc3 19. Bxc3 Ne4 20. Bxg7 Kxg7 21. Qb2+
f6 22. Nd4 e5 23. Nxf5+ gxf5 24. Bd3 Rd8 25. Qc2 a5 26. a3 axb4 27. axb4 Qc6 28.
f3 Ng5 29. Bxf5 1-0

[Event "London Classic Superrapid"]
[Site "London ENG"]
[Date "2016.12.17"]
[Round "2.6"]
[White "Peiris, T G M"]
[Black "Istratescu, Andrei"]
[Result "0-1"]
[BlackTitle "GM"]
[WhiteElo "2134"]
[BlackElo "2596"]
[WhiteFideId "9901310"]
[BlackFideId "1200372"]
[EventDate "2016.12.17"]

1. e4 c5 2. Nf3 e6 3. g3 Nf6 4. Qe2 Nc6 5. Bg2 d6 6. O-O e5 7. c3 Be7 8. Rd1 O-O
9. h3 Re8 10. d3 Bf8 11. Nbd2 b6 12. Nf1 h6 13. b3 Bb7 14. Bb2 g6 15. g4 Bg7 16.
Ng3 d5 17. Nh2 d4 18. c4 Qc7 19. Rf1 Nd8 20. Bc1 Ne6 21. Qc2 Bf8 22. Ne2 Nf4 23.
Nxf4 exf4 24. Bd2 g5 25. f3 Nd7 26. Kf2 Ne5 27. Rh1 Ng6 28. Ke2 Kg7 29. Be1 Be7
30. Bf2 Qd6 31. Nf1 Rh8 32. Nd2 h5 33. Rh2 Rh6 34. Rah1 Rah8 35. Kf1 Bc8 36. Kg1
Be6 37. Qd1 Ne5 38. Qe2 a6 39. Nf1 b5 40. Be1 b4 41. Nd2 a5 42. Bf1 Bd7 43. Bf2
hxg4 44. hxg4 Rxh2 45. Rxh2 Rxh2 46. Kxh2 Nxg4+ 47. Kg1 Ne3 48. Bg2 Bf6 49. Nf1
a4 50. Nh2 Qa6 51. Bxe3 dxe3 52. Ng4 axb3 53. axb3 Bd4 54. Kh2 Qa1 55. Bf1 Qb1
56. Qg2 Qxb3 57. e5 Qb2 58. Be2 Bxe5 59. Kg1 Bf6 0-1

[Event "London Classic Superrapid"]
[Site "London ENG"]
[Date "2016.12.17"]
[Round "2.7"]
[White "Smirin, Ilia"]
[Black "Kalavannan, Koby"]
[Result "1-0"]
[WhiteTitle "GM"]
[WhiteElo "2669"]
[BlackElo "2163"]
[WhiteFideId "2801990"]
[BlackFideId "425753"]
[EventDate "2016.12.17"]

1. e4 c5 2. Nf3 Nc6 3. Bb5 g6 4. c3 Bg7 5. d4 Qb6 6. a4 cxd4 7. O-O a6 8. Bxc6
dxc6 9. a5 Qc7 10. cxd4 Bg4 11. Be3 Nf6 12. Nbd2 O-O 13. h3 Bxf3 14. Qxf3 e5 15.
Bg5 Qe7 16. Nc4 h6 17. Bh4 g5 18. dxe5 Nd7 19. Bg3 Nxe5 20. Bxe5 Bxe5 21. Rad1
Rad8 22. b3 Bc7 23. g3 Rxd1 24. Rxd1 Rd8 25. Rxd8+ Qxd8 26. Kg2 Bxa5 27. Ne5 Qe7
28. Ng4 Kg7 29. Ne3 Qe6 30. h4 Bd8 31. Nf5+ Kh7 32. hxg5 Bxg5 33. Qd3 Qg6 34.
Kf1 Qh5 35. Kg2 Qg6 36. Kf1 Qh5 37. Kg1 Qg6 38. Qd7 b5 39. Qa7 Qe6 40. b4 Kg6
41. Qd4 Qf6 42. Qd3 Qd8 43. Nd6 Kg7 44. e5 a5 45. Qf5 Qe7 46. bxa5 b4 47. Kg2
Qa7 48. f4 Bd8 49. e6 fxe6 50. Qxe6 Qxa5 51. Qf7+ Kh8 52. Qg6 Qd5+ 53. Kh2 Qa2+
54. Kh3 Qb2 55. Nf7# 1-0